[Event "IECG CM.2002.0.00202 email"]
[Site "IECG email"]
[Date "2002.12.05"]
[Round "?"]
[White "Beloglazov, Vladimir"]
[Black "Daurelle, Herve"]
[Result "0-1"]
[WhiteElo "2399"]
[BlackElo "2359"]
[PlyCount "28"]
[EventDate "2002.12.05"]
[EventType "tourn (corr)"]
[EventRounds "6"]
[SourceTitle "Corr 2008"]
[Source "ChessBase"]
[SourceDate "2008.06.24"]
[SourceVersion "1"]
[SourceVersionDate "2008.06.24"]
[SourceQuality "1"]

1. d4 d5 2. c4 e6 3. Nc3 Nf6 4. cxd5 exd5 5. Bg5 c6 6. Qc2 Na6 7. e3 Nb4 8. Qb1 h6 9. Bh4 g6 10. a3 Bf5 11. e4 Bxe4 12. Nxe4 dxe4 13. Bxf6 Qxf6 14. Qxe4+ Kd8 0-1